World Cup Of Darts 2023 - Statistiken

Allgemein
  • Dieses Quiz wurde 216 mal gespielt
    199 seit der letzten Aktualisierung
  • Das Durchschnittsergebnis liegt bei 43 aus 80
Antwortstatistiken
Land Spieler % Korrekt
Belgien Dimitri Van den Bergh
100%
Australien Damon Heta
98%
Deutschland Gabriel Clemens
95%
Deutschland Martin Schindler
95%
Australien Simon Whitlock
95%
Belgien Kim Huybrechts
91%
England Michael Smith
91%
Kanada Jeff Smith
88%
Schottland Peter Wright
87%
Schottland Gary Anderson
86%
Wales Gerwyn Price
86%
England Rob Cross
86%
Niederlande Danny Noppert
85%
Wales Jonny Clayton
84%
Portugal José de Sousa
83%
Österreich Mensur Suljović
83%
Österreich Rowby-John Rodriguez
80%
Polen Krzysztof Ratajski
79%
Lettland Madars Razma
79%
Nordirland Daryl Gurney
77%
Nordirland Brendan Dolan
76%
Litauen Darius Labanauskas
76%
Irland William O’Connor
75%
Niederlande Dirk van Duijvenbode
74%
Frankreich Thibault Tricole
74%
Kroatien Boris Krčmar
71%
Singapur Paul Lim
68%
Singapur Harith Lim
66%
Irland Keane Barry
66%
Finnland Marko Kantele
65%
Südafrika Devon Petersen
64%
Schweiz Stefan Bellmont
63%
Kanada Matt Campbell
62%
Tschechien Karel Sedláček
58%
Dänemark Vladimir Andersen
57%
Tschechien Adam Gawlas
56%
Dänemark Benjamin Drue Reus
55%
USA Jules van Dongen
54%
Neuseeland Ben Robb
53%
USA Leonard Gates
53%
Philippinen Lourence Ilagan
53%
Philippinen Christian Perez
52%
Polen Krzysztof Kciuk
51%
Spanien José Justicia
48%
Frankreich Jacques Labre
46%
Hongkong Man Lok Leung
46%
Japan Tomoyo Goto
45%
Schweden Dennis Nilsson
40%
Bahrain Abdulnasser Yusuf
39%
Indien Prakash Jiwa
39%
Gibraltar Justin Hewitt
38%
Italien Massimo Dante
38%
Schweden Oskar Lukasiak
38%
Spanien Tony Martinez
37%
Neuseeland Warren Parry
35%
Gibraltar Craig Galliano
33%
Ukraine Vladyslav Omelchenko
33%
Italien Michele Turetta
32%
Litauen Mindaugas Baršauskas
32%
Guyana Norman Madhoo
32%
Ungarn Patrik Kovács
32%
Bahrain Basem Mahmood
30%
Kroatien Romeo Grbavac
30%
Schweiz Marcel Walpen
29%
China Zong Xiaochen
29%
Guyana Sudesh Fitzgerald
28%
Indien Amit Gilitwala
26%
Thailand Attapol Eupakaree
26%
Hongkong Lee Lok Yin
25%
Thailand Thanawat Gaweenuntawong
25%
Südafrika Vernon Bouwers
25%
Finnland Paavo Myller
24%
Island Hallgrímur Egilsson
23%
Island Vitor Charrua
22%
China Wen Lihao
21%
Portugal Luis Ameixa
20%
Lettland Dmitrijs Žukovs
19%
Japan Jun Matsuda
19%
Ukraine Ilja Pekaruk
17%
Ungarn Levente Sárai
16%
Keine übereinstimmenden Quizze gefunden
Verteilung der Resultate
Anzahl Personen mit jedem Resultat
Perzentil nach korrekt beantworteten Fragen
Ihre Resultats-Entwicklung
Sie haben dieses Quiz seit der letzten Aktualisierung nicht gespielt